书目信息 |
| 题名: |
氧化还原滴定法及电位分析法
|
|
| 作者: | 皮以凡 编 | |
| 分册: | ||
| 出版信息: | 北京 高等教育出版社 1987 |
|
| 页数: | 150页 | |
| 开本: | 20cm | |
| 丛书名: | ||
| 单 册: | ||
| 中图分类: | O655.23 | |
| 科图分类: | ||
| 主题词: | 氧化还原滴定--高等学校--教材 , 电位滴定--高等学校--教材 | |
| 电子资源: | ||
| ISBN: | ||
| 000 | 00777nam0 2200277 45 | |
| 001 | 0187009461 | |
| 005 | 20040630152331.6 | |
| 010 | @dCNY1.00 | |
| 091 | @a13010.01244 | |
| 100 | @a19900808d1987 em y0chiy0121 ea | |
| 101 | 0 | @achi |
| 102 | @aCN@b110000 | |
| 105 | @ay z 000yy | |
| 106 | @ar | |
| 200 | 10 | @a氧化还原滴定法及电位分析法@Ayang hua hai yuan di ding fa ji dian wei fen xi fa@f皮以凡编 |
| 210 | @a北京@c高等教育出版社@d1987 | |
| 215 | @a150页@d20cm | |
| 300 | @a高等学校教学参考书 | |
| 606 | @a氧化还原滴定@x高等学校@x教材 | |
| 606 | @a电位滴定@x高等学校@x教材 | |
| 610 | 0 | @a滴定法 |
| 690 | @aO655.23@v3 | |
| 701 | 0 | @a皮以凡@Api yi fan@4编 |
| 801 | 0 | @aCN@b深圳图书馆@c20040519 |
| 801 | 2 | @aCN@bNLC@c20040519 |
| 905 | @dO655.23@e24@f1@b203249 | |
| 氧化还原滴定法及电位分析法/皮以凡编.-北京:高等教育出版社,1987 |
| 150页;20cm |
| 高等学校教学参考书 |
| ISBN :CNY1.00 |
| ● |
| 相关链接 |
|
|
|
|
正题名:氧化还原滴定法及电位分析法
索取号:O655.23/24
 
预约/预借
| 序号 | 登录号 | 条形码 | 馆藏地/架位号 | 状态 | 备注 |
| 1 | 0203247 | 000632854 | 密集书库/ [索取号:O655.23/24] | 在馆 | |
| 2 | 0203248 | 000632881 | 第三借阅区/ [索取号:O655.23/24] | 在馆 | |
| 3 | 0203249 | 001936935 | 密集书库/ [索取号:O655.23/24] | 在馆 | |
| 4 | 0203250 | 000632872 | 密集书库/ [索取号:O655.23/24] | 在馆 | |
| 5 | 0203251 | 000632863 | 密集书库/ [索取号:O655.23/24] | 在馆 | |
| 6 | 0203252 | 000632845 | 第二样本阅览室/ [索取号:O655.23/24] | 在馆 |